Civilizations : (Record no. 69429)

MARC details
000 -LEADER
fixed length control field 01292nam a22002777a 4500
005 - DATE AND TIME OF LATEST TRANSACTION
control field 20120828121123.0
008 - FIXED-LENGTH DATA ELEMENTS--GENERAL INFORMATION
fixed length control field 120828t xxu||||| |||| 00| 0 eng d
010 ## - LCCN (DPL NO)
LC control number ENG-105662
020 ## - INTERNATIONAL STANDARD BOOK NUMBER
International Standard Book Number 9788132108917
Terms of availability 550.00
035 ## - SYSTEM CONTROL NUMBER
System control number EN-89195
037 ## - SOURCE OF ACQUISITION
Source of stock number/acquisition DBAD/PUB
040 ## - CATALOGING SOURCE
Original cataloging agency DPL
Language of cataloging Eng
082 ## - DEWEY DECIMAL CLASSIFICATION NUMBER
Classification number 301
100 ## - MAIN ENTRY--PERSONAL NAME
Personal name Krishna, Daya
9 (RLIN) 51650
245 ## - TITLE STATEMENT
Title Civilizations :
Remainder of title nostalgia and utopia /
Statement of responsibility, etc by Daya Krishna
260 ## - PUBLICATION, DISTRIBUTION, ETC. (IMPRINT)
Place of publication, distribution, etc New Delhi
Name of publisher, distributor, etc SAGE Publications
Date of publication, distribution, etc 2012
270 ## - ADDRESS
Address B1/I-1 Mohan Cooperative Industrial Area, Mathura Road
City New Delhi
Postal code 110044
300 ## - PHYSICAL DESCRIPTION
Extent xxvi,119p.
Dimensions 22cm(Hb)
500 ## - GENERAL NOTE
General note Includes bibliographical references and index.
505 ## - FORMATTED CONTENTS NOTE
Formatted contents note The concept of society -- The two predicaments -- Reflection on action -- Perspectives on freedom -- The search for a measuring rod -- Society: reality and utopia -- Civilizations: past and future -- Understanding civilizations: two case studies, Indian and Western -- Civilizations: nostalgia and utopia.
650 ## - SUBJECT ADDED ENTRY--TOPICAL TERM
Topical term or geographic name as entry element Sociology
General subdivision Philosophy.
9 (RLIN) 51651
650 ## - SUBJECT ADDED ENTRY--TOPICAL TERM
Topical term or geographic name as entry element Civilization
General subdivision Philosophy.
9 (RLIN) 51652
650 ## - SUBJECT ADDED ENTRY--TOPICAL TERM
Topical term or geographic name as entry element Social sciences
General subdivision Philosophy.
9 (RLIN) 51653
942 ## - ADDED ENTRY ELEMENTS (KOHA)
Source of classification or shelving scheme Dewey Decimal Classification
Item type English Books
Classification part 301
Call number suffix KRI
Holdings
Withdrawn status Lost status Source of classification or shelving scheme Damaged status Not for loan Collection code Home library Current library Date acquired Source of acquisition Cost, normal purchase price Total Checkouts Full call number Barcode Date last seen Copy number Cost, replacement price Koha item type
    Dewey Decimal Classification   Not For Loan Non-fiction D.B.Act.Division D.B.Act.Division 28/08/2012 DBAD/PUB 550.00   301 KRI EN-89195 28/08/2012 1 550.00 English Books

© Delhi Public Library
Hit Counter
free hit counter